Rumahku, syurgaku

Bibliographic Details
Format: Book
Published: Selangor : Penerbitan Gedung Ilmu , 2002
Series:Siri kanak-kanak harmoni
Subjects:

MARC

LEADER 00000cam a2200000 7i4500
001 0000001286
005 20151222.0
008 070627
020 |a 9674170172 
090 0 0 |a JF   |b JAW (1503) 
245 0 0 |a Rumahku, syurgaku 
260 |a Selangor :   |b Penerbitan Gedung Ilmu ,   |c 2002 
440 0 |a Siri kanak-kanak harmoni 
500 |a Children ages 7-9 years old (orange) 
650 0 |a Jawi 
999 |a 0000953299   |b Book   |c Children Collection   |e Perbadanan Perpustakaan Awam Johor 
999 |a 0000953300   |b Book   |c Children Collection   |e Cawangan Pontian 
999 |a 0000953301   |b Book   |c Children Collection   |e Perbadanan Perpustakaan Awam Johor 
999 |a 0000953302   |b Book   |c Children Collection   |e Cawangan Urban Transformation Centre 
999 |a 0000953303   |b Book   |c Children Collection   |e Cawangan Urban Transformation Centre 
999 |a 0001260206   |b Book   |c Children Collection   |e Cawangan Pontian 
999 |a 0001260208   |b Book   |c Children Collection   |e Cawangan AEON Kulaijaya 
999 |a 0001260211   |b Book   |c Children Collection   |e Cawangan Urban Transformation Centre 
999 |a 0001260213   |b Book   |c Children Collection   |e Cawangan Bukit Gambir 
999 |a 0001260214   |b Book   |c Children Collection   |e Cawangan Mersing 
999 |a 0001260215   |b Book   |c Children Collection   |e Cawangan Tangkak 
999 |a 0001260218   |b Book   |c Children Collection   |e Cawangan Bandar Penawar 
999 |a 0001260219   |b Book   |c Children Collection   |e Cawangan Tmn. Ungku Tun Aminah 
999 |a 0001261891   |b Book   |c Children Collection   |e Cawangan Pontian 
999 |a 0001261892   |b Book   |c Children Collection   |e Perbadanan Perpustakaan Awam Johor 
999 |a 0001261893   |b Book   |c Children Collection   |e Perbadanan Perpustakaan Awam Johor